Statistiken für Größte Stadt der Landkreise Deutschlands

Klicken Sie hier um das Quiz zu spielen!

Allgemein

  • Dieses Quiz wurde 3.592 mal gespielt
    (2.379 seit der letzten Aktualisierung)
  • Das Durchschnittsergebnis liegt bei 163 aus 401

Antworten auf der Karte

Die Antworten werden auf der Karte rot bzw. grün angezeigt, abhängig davon wie oft sie richtig erraten wurden.
 

Antwortstatistiken

LandkreisEinwohnerGrößte Stadt% Korrekt
Bremen567.559Bremen
83%
Hamburg1.847.253Hamburg
82%
Berlin3.669.491Berlin
80%
Frankfurt am Main763.380Frankfurt am Main
79%
Frankfurt (Oder)57.751Frankfurt (Oder)
79%
Kiel246.794Kiel
79%
Mittelsachsen40.657Freiberg
76%
Freiburg im Breisgau231.195Freiburg im Breisgau
76%
Dresden556.780Dresden
75%
Region Hannover536.925Hannover
75%
Köln1.087.863Köln
75%
Leipzig593.145Leipzig
75%
München1.484.226München
75%
Potsdam180.334Potsdam
75%
Rostock209.191Rostock
75%
Schwäbisch Hall40.538Schwäbisch Hall
74%
Schwerin95.653Schwerin
74%
Stuttgart635.911Stuttgart
74%
Flensburg90.164Flensburg
73%
Dithmarschen21.852Heide
73%
Bremerhaven113.643Bremerhaven
72%
Dortmund588.250Dortmund
72%
Düsseldorf621.877Düsseldorf
72%
Städteregion Aachen248.960Aachen
71%
Kassel202.137Kassel
71%
Lübeck216.530Lübeck
71%
Magdeburg237.565Magdeburg
71%
Regionalverband
Saarbrücken
180.374Saarbrücken
71%
Bonn329.673Bonn
70%
Chemnitz246.334Chemnitz
70%
Erfurt213.981Erfurt
70%
Mannheim310.658Mannheim
70%
Mainz218.578Mainz
69%
Nürnberg518.370Nürnberg
69%
Ulm126.790Ulm
69%
Wiesbaden278.474Wiesbaden
69%
Cottbus99.678Cottbus
68%
Essen582.760Essen
68%
Karlsruhe312.060Karlsruhe
68%
Osnabrück165.251Osnabrück
68%
Braunschweig249.406Braunschweig
67%
Halle (Saale)238.762Halle (Saale)
67%
Jena111.343Jena
67%
Oldenburg169.077Oldenburg
67%
Trier111.528Trier
67%
Wolfsburg124.371Wolfsburg
67%
Bielefeld334.195Bielefeld
66%
Münster315.293Münster
66%
Augsburg296.582Augsburg
65%
Brandenburg an der Havel72.184Brandenburg an der Havel
65%
Darmstadt159.878Darmstadt
65%
Duisburg498.686Duisburg
65%
Bochum365.587Bochum
64%
Göttingen118.911Göttingen
64%
Heidelberg161.485Heidelberg
64%
Emden49.913Emden
63%
Fürth128.497Fürth
63%
Gera93.125Gera
63%
Hof45.825Hof
63%
Koblenz114.052Koblenz
63%
Offenbach am Main130.280Offenbach am Main
63%
Passau52.803Passau
63%
Regen10.988Regen
63%
Würzburg127.934Würzburg
63%
Jerichower Land22.406Burg
62%
Cuxhaven48.164Cuxhaven
62%
Konstanz84.911Konstanz
62%
Gelsenkirchen259.645Gelsenkirchen
61%
Leverkusen163.729Leverkusen
61%
Paderborn151.633Paderborn
61%
Regensburg153.094Regensburg
61%
Wuppertal355.100Wuppertal
61%
Zwickau88.690Zwickau
61%
Aschaffenburg71.002Aschaffenburg
60%
Baden-Baden55.185Baden-Baden
60%
Fulda68.635Fulda
60%
Vorpommern-Greifswald59.232Greifswald
60%
Hamm179.916Hamm
60%
Ingolstadt137.392Ingolstadt
60%
Görlitz55.980Görlitz
59%
Lüneburg75.711Lüneburg
59%
Mönchengladbach261.034Mönchengladbach
59%
Kaiserslautern100.030Kaiserslautern
58%
Ludwigshafen am Rhein172.253Ludwigshafen am Rhein
58%
Pforzheim125.957Pforzheim
58%
Weimar65.228Weimar
58%
Wilhelmshaven76.089Wilhelmshaven
58%
Erlangen112.528Erlangen
57%
Gießen89.802Gießen
57%
Heilbronn126.592Heilbronn
57%
Hildesheim101.693Hildesheim
57%
Rosenheim63.551Rosenheim
57%
Vorpommern-Rügen59.418Stralsund
57%
Bamberg77.373Bamberg
56%
Bayreuth74.783Bayreuth
56%
Celle69.540Celle
56%
Dessau-Roßlau80.103Dessau-Roßlau
56%
Hagen188.686Hagen
56%
Mecklenburgische
Seenplatte
63.761Neubrandenburg
56%
Oberhausen210.764Oberhausen
56%
Siegen-Wittgenstein102.770Siegen
56%
Krefeld227.417Krefeld
55%
Neustadt a.d. Aisch -
Bad Windsheim
13.259Neustadt an der Aisch
55%
Neustadt an
der Weinstraße
53.264Neustadt an der Weinstraße
55%
Coburg15.173Neustadt bei Coburg
55%
Salzgitter104.291Salzgitter
55%
Ennepe-Ruhr-Kreis96.459Witten
55%
Kempten (Allgäu)69.151Kempten (Allgäu)
54%
Marburg-Biedenkopf77.129Marburg
54%
Neumünster80.196Neumünster
54%
Neu-Ulm58.978Neu-Ulm
54%
Tübingen91.506Tübingen
54%
Bautzen38.425Bautzen
53%
Bottrop117.565Bottrop
53%
Main-Kinzig-Kreis96.492Hanau
53%
Herne156.449Herne
53%
Ravensburg50.897Ravensburg
53%
Reutlingen115.865Reutlingen
53%
Saarlouis34.522Saarlouis
53%
Schweinfurt53.426Schweinfurt
53%
Worms83.542Worms
53%
Aurich42.040Aurich
52%
Anhalt-Bitterfeld38.159Bitterfeld-Wolfen
52%
Eisenach42.250Eisenach
52%
Bodenseekreis61.283Friedrichshafen
52%
Minden-Lübbecke81.716Minden
52%
Solingen159.245Solingen
52%
Ostalbkreis68.393Aalen
51%
Warendorf52.503Ahlen
51%
Garmisch-Partenkirchen27.215Garmisch-Partenkirchen
51%
Ludwigsburg93.584Ludwigsburg
51%
Rhein-Kreis Neuss153.896Neuss
51%
Recklinghausen111.397Recklinghausen
51%
Stade47.703Stade
51%
Coburg41.072Coburg
50%
Goslar50.554Goslar
50%
Gütersloh100.861Gütersloh
50%
Lindau (Bodensee)25.512Lindau (Bodensee)
50%
Delmenhorst77.559Delmenhorst
49%
Esslingen94.145Esslingen am Neckar
49%
Heidenheim49.573Heidenheim an der Brenz
49%
Lörrach49.291Lörrach
49%
Mülheim an der Ruhr170.632Mülheim an der Ruhr
49%
Ortenaukreis59.967Offenburg
49%
Nordwestmecklenburg42.963Wismar
49%
Ansbach41.798Ansbach
48%
Gotha45.419Gotha
48%
Landshut73.411Landshut
48%
Leer34.786Leer
48%
Memmingen44.100Memmingen
48%
Vogtlandkreis64.597Plauen
48%
Schwarzwald-Baar-Kreis85.707Villingen-Schwenningen
48%
Rheinisch-
Bergischer Kreis
111.846Bergisch Gladbach
47%
Cloppenburg35.451Cloppenburg
47%
Hameln-Pyrmont57.434Hameln
47%
Saarpfalz-Kreis41.875Homburg
47%
Wesel103.902Moers
47%
Stendal39.103Stendal
47%
Suhl36.789Suhl
47%
Uelzen33.536Uelzen
47%
Düren91.216Düren
46%
Göppingen57.813Göppingen
46%
Landau in der Pfalz46.881Landau in der Pfalz
46%
Neunkirchen46.179Neunkirchen
46%
Speyer50.561Speyer
46%
Amberg42.207Amberg
45%
Dachau47.721Dachau
45%
Limburg-Weilburg35.514Limburg an der Lahn
45%
Pirmasens40.231Pirmasens
45%
Rastatt49.918Rastatt
45%
Remscheid111.338Remscheid
45%
Wittenberg45.752Wittenberg
45%
Zweibrücken34.193Zweibrücken
45%
Nordfriesland23.189Husum
44%
Kleve52.388Kleve
44%
Nordhausen41.726Nordhausen
44%
Vechta32.863Vechta
44%
Peine49.900Peine
43%
Roth25.238Roth
43%
Wolfenbüttel52.165Wolfenbüttel
43%
Euskirchen58.381Euskirchen
42%
Herford66.638Herford
42%
Höxter28.808Höxter
42%
Weiden i. d. OPf.42.743Weiden in der Oberpfalz
42%
Altenburger Land31.633Altenburg
41%
Erzgebirgekreis20.353Aue-Bad Schlema
41%
Cham16.990Cham
41%
Erding36.437Erding
41%
Freising49.126Freising
41%
Kaufbeuren44.398Kaufbeuren
41%
Rendsburg-Eckernförde28.896Rendsburg
41%
Tuttlingen36.102Tuttlingen
41%
Eifelkreis Bitburg-Prüm15.047Bitburg
40%
Gifhorn42.837Gifhorn
40%
Emsland54.708Lingen (Ems)
40%
Rotenburg (Wümme)21.956Rotenburg (Wümme)
40%
Straubing47.791Straubing
40%
Ahrweiler28.468Bad Neuenahr-Ahrweiler
39%
Biberach33.265Biberach an der Riß
39%
Calw23.578Calw
39%
Helmstedt25.712Helmstedt
39%
Nienburg (Weser)31.448Nienburg (Weser)
39%
Schleswig-Flensburg25.416Schleswig
39%
Deggendorf33.721Deggendorf
38%
Lippe74.254Detmold
38%
Günzburg21.028Günzburg
38%
Merzig-Wadern29.795Merzig
38%
Neuwied64.765Neuwied
38%
Ludwigslust-Parchim17.773Parchim
38%
Rottweil25.182Rottweil
38%
Viersen77.102Viersen
38%
Bad Kreuznach51.170Bad Kreuznach
37%
Steinburg31.803Itzehoe
37%
Soest67.952Lippstadt
37%
Segeberg79.357Norderstedt
37%
Lahn-Dill-Kreis52.955Wetzlar
37%
Bad Kissingen22.443Bad Kissingen
36%
Emmendingen27.977Emmendingen
36%
Lüchow-Dannenberg9.428Lüchow
36%
Grafschaft Bentheim53.711Nordhorn
36%
Starnberg23.488Starnberg
36%
Waldshut24.202Waldshut-Tiengen
36%
Wittmund20.313Wittmund
36%
Holzminden19.841Holzminden
35%
Märkischer Kreis92.174Iserlohn
35%
Neumarkt i.d.OPf40.277Neumarkt in der Oberpfalz
35%
Oberhavel44.862Oranienburg
35%
Groß-Gerau65.881Rüsselsheim am Main
35%
St. Wendel25.809St. Wendel
35%
Hersfeld-Rotenburg29.944Bad Hersfeld
34%
Hochtaunuskreis54.227Bad Homburg vor der Höhe
34%
Dillingen a.d. Donau19.149Dillingen an der Donau
34%
Frankenthal (Pfalz)48.762Frankenthal (Pfalz)
34%
Greiz20.392Greiz
34%
Altmarkkreis Salzwedel23.453Hansestadt Salzwedel
34%
Landsberg am Lech29.228Landsberg am Lech
34%
Schmalkalden-Meiningen24.796Meiningen
34%
Schwabach40.981Schwabach
34%
Böblingen64.905Sindelfingen
34%
Sonneberg23.516Sonneberg
34%
Eichstätt13.377Eichstätt
33%
Pinneberg49.983Elmshorn
33%
Oberbergischer Kreis50.952Gummersbach
33%
Kulmbach25.866Kulmbach
33%
Osterholz30.256Osterholz-Scharmbeck
33%
Steinfurt76.218Rheine
33%
Saalfeld-Rudolstadt29.278Saalfeld
33%
Hochsauerlandkreis73.456Arnsberg
32%
Borken71.113Bocholt
32%
Cochem-Zell5.240Cochem
32%
Barnim40.669Eberswalde
32%
Forchheim32.260Forchheim
32%
Germersheim20.798Germersheim
32%
Pfaffenhofen a. d. Ilm26.124Pfaffenhofen an der Ilm
32%
Harz40.329Halberstadt
31%
Hildburghausen11.831Hildburghausen
31%
Kronach16.815Kronach
31%
Schwandorf29.130Schwandorf
31%
Tirschenreuth8.712Tirschenreuth
31%
Rostock29.083Güstrow
30%
Ilm-Kreis38.891Ilmenau
30%
Kitzingen21.940Kitzingen
30%
Lichtenfels20.142Lichtenfels
30%
Unna86.348Lünen
30%
Ostprignitz-Ruppin30.785Neuruppin
30%
Sömmerda18.947Sömmerda
30%
Weilheim-Schongau22.571Weilheim in Oberbayern
30%
Alzey-Worms18.627Alzey
29%
Sächsische Schweiz -
Osterzgebirge
39.703Freital
29%
Aichach-Friedberg29.979Friedberg
29%
Kusel5.618Kusel / Schönenberg-Kübelberg
29%
Kelheim16.842Kelheim
28%
Neuburg-Schrobenhausen29.793Neuburg an der Donau
28%
Mettmann87.520Ratingen
28%
Uckermark29.680Schwedt (Oder)
28%
Rhein-Sieg-Kreis74.953Troisdorf
28%
Leipzig28.173Grimma
27%
Dahme-Spreewald37.639Königs Wusterhausen
27%
Osnabrück46.588Melle
27%
Rems-Murr-Kreis55.604Waiblingen
27%
Rhein-Neckar-Kreis45.425Weinheim
27%
Stormarn33.728Ahrensburg
26%
Kassel27.755Baunatal
26%
Karlsruhe44.776Bruchsal
26%
Dingolfing-Landau19.985Dingolfing
26%
Weißenburg-Gunzenhausen18.645Weißenburg in Bayern
26%
Verden31.923Achim
25%
Weimarer Land22.184Apolda
25%
Berchtesgadener Land18.443Bad Reichenhall
25%
Bergstraße40.756Bensheim
25%
Birkenfeld28.520Idar-Oberstein
25%
Saalekreis33.873Merseburg
25%
Unstrut-Hainich-Kreis36.090Mühlhausen
25%
Meißen33.894Radebeul
25%
Burgenlandkreis40.192Weißenfels
25%
Nordsachsen24.823Delitzsch
24%
Werra-Meißner-Kreis19.412Eschwege
24%
Mainz-Bingen35.193Ingelheim am Rhein
24%
Rhein-Erft-Kreis66.702Kerpen
24%
Waldeck-Frankenberg23.458Korbach
24%
Prignitz16.925Wittenberge
24%
Heinsberg43.206Erkelenz
23%
Havelland43.994Falkensee
23%
Oder-Spree31.965Fürstenwalde (Spree)
23%
Heilbronn26,528Neckarsulm
23%
Mansfeld-Südharz25.963Sangerhausen
23%
Main-Tauber-Kreis23.883Bad Mergentheim
22%
Salzlandkreis32.573Bernburg (Saale)
22%
Altötting18.713Burghausen
22%
Northeim30.689Einbeck
22%
Main-Taunus-Kreis39.647Hofheim am Taunus
22%
Westerwaldkreis13.998Montabaur
22%
Harburg41.591Seevetal
22%
Bernkastel-Wittlich19.069Wittlich
22%
Zollernalbkreis45.465Albstadt
21%
Herzogtum Lauenburg30.688Geesthacht
21%
Neckar-Odenwald-Kreis23.497Mosbach
21%
Oberspreewald-Lausitz23.895Senftenberg
21%
Kyffhäuserkreis21.290Sondershausen
21%
Oberallgäu21.619Sonthofen
21%
Amberg-Sulzbach19.410Sulzbach-Rosenberg
21%
Vogelsbergkreis16.037Alsfeld
20%
Mayen-Koblenz29.922Andernach
20%
Ostholstein20.044Bad Schwartau
20%
Wetteraukreis34.216Bad Vilbel
20%
Ammerland28.896Bad Zwischenahn
20%
Vulkaneifel8.010Daun
20%
Coesfeld46.657Dülmen
20%
Alb-Donau-Kreis26.293Ehingen
20%
Elbe-Elster16.068Finsterwalde
20%
Haßberge13.501Haßfurt
20%
Wesermarsch26.139Nordenham
20%
Donau-Ries20.546Nördlingen
20%
Schaumburg25.424Rinteln
20%
Spree-Neiße21.998Spremberg
20%
Potsdam-Mittelmark26.902Werder (Havel)
20%
Straubing-Bogen10.197Bogen
19%
Fürstenfeldbruck40.399Germering
19%
Nürnberger Land26.483Lauf an der Pegnitz
19%
Odenwaldkreis16.007Michelstadt
19%
Börde19.483Oschersleben (Bode)
19%
Offenbach45.719Rodgau
19%
Schwalm-Eder-Kreis18.019Schwalmstadt
19%
Rheingau-Taunus-Kreis30.050Taunusstein
19%
Traunstein20.931Traunreut
19%
Friesland24.017Varel
19%
Heidekreis30.081Walsrode
19%
Rhön-Grabfeld15.358Bad Neustadt an der Saale
18%
Erlangen-Höchstadt23.373Herzogenaurach
18%
Freudenstadt25.082Horb am Neckar
18%
Eichsfeld20.115Leinefelde-Worbis
18%
Teltow-Fläming27.939Ludwigsfelde
18%
Diepholz33.611Stuhr
18%
Trier-Saarburg18.332Konz
17%
Rhein-Lahn-Kreis18.042Lahnstein
17%
Main-Spessart15.189Lohr am Main
17%
Würzburg11.296Ochsenfurt
17%
Märkisch-Oderland26.853Strausberg
17%
München28.950Unterschleißheim
17%
Wartburgkreis23.455Bad Salzungen
16%
Saale-Holzland-Kreis10.849Eisenberg
16%
Donnersbergkreis9.316Eisenberg (Pfalz)
16%
Ansbach12.479Feuchtwangen
16%
Oldenburg31.360Ganderkesee
16%
Olpe25.308Lennestadt
16%
Ostallgäu18.725Marktoberdorf
16%
Plön15.952Preetz
16%
Fürth25.588Zirndorf
16%
Aschaffenburg18.505Alzenau
15%
Rosenheim19.056Bad Aibling
15%
Altenkirchen
(Westerwald)
10.064Betzdorf
15%
Rhein-Hunsrück-Kreis15.413Boppard
15%
Bad Tölz-Wolfratshausen25.438Geretsried
15%
Bad Dürkheim20.234Haßloch
15%
Wunsiedel i.
Fichtelgebirge
17.228Marktredwitz
15%
Hohenlohekreis24.663Öhringen
15%
Rhein-Pfalz-Kreis20.412Schifferstadt
15%
Passau16.758Vilshofen an der Donau
15%
Unterallgäu16.328Bad Wörishofen
14%
Darmstadt-Dieburg27.473Griesheim
14%
Miesbach16.640Holzkirchen
14%
Enzkreis26.130Mühlacker
14%
Regensburg16.253Regenstauf
14%
Ebersberg24.404Vaterstetten
14%
Breisgau-Hochschwarzwald20.377Bad Krozingen
13%
Sigmaringen17.458Bad Saulgau
13%
Rottal-Inn13.840Eggenfelden
13%
Landshut12.720Ergolding
13%
Miltenberg10.258Erlenbach am Main
13%
Augsburg28.059Königsbrunn
13%
Bayreuth13.263Pegnitz
13%
Saale-Orla-Kreis11.842Pößneck
13%
Bamberg12.380Hirschaid
12%
Kaiserslautern8.368Landstuhl
12%
Freyung-Grafenau10.704Waldkirchen
12%
Schweinfurt10.157Werneck
12%
Südliche Weinstraße10.577Herxheim bei Landau in der Pfalz
11%
Hof10.107Münchberg
11%
Neustadt a.d. Waldnaab7.407Vohenstrauß
11%
Mühldorf am Inn23.392Waldkraiburg
11%
Südwestpfalz6.711Rodalben
10%

Verteilung der Resultate

Perzentil nach korrekt beantworteten Fragen

Anzahl Personen mit jedem Resultat

Ihre Resultats-Entwicklung

Sie haben dieses Quiz seit der letzten Aktualisierung nicht gespielt